000 00365 a2200169 4500
001 188332
020 _a85-215-0795-X
040 _cMagnum
100 _aKapila, Rosa
240 1 0 _aQuando mamãe souber
_lpor
245 1 0 _aQuando mamãe souber
300 _a71
362 0 _a1997
440 1 _aAo Livro Técnico
697 _aLITERATURA JUVENIL
942 _cBK
999 _c188332
_d188332